01220nac a22003251i 4500003000900000005001700009008004100026020002800067020001800095040004300113082001700156100004900173245012500222246002100347250002000368264006500388264001000453300007000463336002600533337002800559338002700587500002600614500002400640500002000664650002200684655001700706942001200723999001500735952014400750EG-ScBUE20250515094904.0250326t1993 mnua f d 001 0 eng d a0314008764 (alk. paper) a9780314008763 aEG-ScBUEbengerdacEG-ScBUEdEG-ScBUE04a520bSNO2221 aSnow, Theodore P.q(Theodore Peck),eauthor.10aEssentials of the dynamic universe :ban introduction to astronomy /cTheodore P. Snow, University of Colorado, Boulder.30aDynamic universe aFourth edition. 1aMinneapolis–Saint Paul :bWest Publishing Company,c[1993] 4cc1993 a1 volume (various pagings) :billustrations (some color) ;c28 cm 2rdacontentatextbtxt aunmediated2rdamediabn avolumebnc2rdacarrier aIncludes Appendices.  aIncludes glossary.  aIncludes index. 7aAstronomy.2BUEsh vReading book cBB2ddc c7468d7468 00102ddc40708AlahramaMAINbMAINc1STd2008-01-24ePurchasel3m43o520 SNOp000008995r2025-07-15 00:00:00s2019-09-23w2008-01-24yBB